La errancia sin fin : Musil, Borges, Klossowski /

Tallennettuna:
Bibliografiset tiedot
Päätekijä: García Ponce, Juan (autor)
Aineistotyyppi: Kirja
Kieli:espanja
Julkaistu: Barcelona, España : Anagrama, 1981, c1981
Sarja:(Argumentos ; 63)
Aiheet:
Tagit: Lisää tagi
Ei tageja, Lisää ensimmäinen tagi!

MARC

LEADER 00000nam^a2200000^a^4500
001 000298594
005 20250521000000.0
008 100413 19811981
009 20260310112413.187
020 |a 84-339-0063-3 
037 |a Acervo Xavier Clavigero 
041 |a ESP 
082 |a 864.  |b GAR 
100 |a García Ponce, Juan  |e (autor) 
245 1 3 |a La errancia sin fin :  |b Musil, Borges, Klossowski /  |c J. García Ponce. 
264 4 |a Barcelona, España :  |b Anagrama,  |c 1981, c1981 
300 |a 85 p. 
336 |a texto  |b txt  |2 rdacontenido 
337 |a sin mediación  |b n  |2 rdamedio 
338 |a volumen  |b nc  |2 rdasoporte 
440 1 |a (Argumentos ;  |v 63) 
545 0 |a La escritura de Juan García Ponce (Mérida, 1932 - México, 2003) va del deseo al arte y viceversa, en diálogo permanente entre el cuerpo -femenino en especial- y la narración. Con una narrativa de intesidad, su mundo es en esencia el del espacio privado, al que se asoma como voyeur frente al erotismo. Recibió el Premio Nacional de Literatura en 1984 por el conjunto de una obra de más de cuarenta títulos, que transita por diversos géneros, aunque con predilección por la narrativa y el ensayo, de arte principalmente. Obtuvo. también, en 2001 el Premio de Literatura Latinoamericana y del Caribe Juan Rulfo. Entre sus títulos pueden citarse: El canto de los grillos (1957), La noche (1963), Figura de paja (1964), Cruce de caminos (1965), Réquiem y elegía (1969), Rufino Tamayo (1967), La errancia sin fin: Musil, Borges, Klossowsky (1981), Crónica de la intervención (1982), Catálogo razonado (1982), De ánima (1984), El gato y otros cuentos (1984), Inmaculada o los placeres de la inocencia (1989), Pasado presente (1993), De viejos y nuevos amores (1998) y Entre las líneas, entre las vidas (2001). 
586 |a Premio de Literatura Latinoamericana y del Caribe Juan Rulfo 2001 
586 |a Premio Nacional de Ciencias y Artes, categoría Lingüística y Literatura (40°: 1989) 
586 |a Premio Anagrama de Ensayo (9°: 1981): ganador 
586 |a Premio Miguel de Cervantes 1979, ex aequo: Biografías, crítica e interpretación 
649 |a XX 
650 |a Ensayos Mexicanos 
650 |a Literatura Mexicana -  |y Siglo XX 
650 |a Literatura -  |x Historia y Crítica 
650 |a Musil, Robert -  |x Tema Principal 
650 |a Klossowski, Pierre -  |x Tema Principal 
650 |a Borges, Jorge Luis -  |x Tema Principal 
910 |a Fondo General 
920 |a Impresos - Libros 
930 |a Colección General 
940 |a Literatura 
905 |a 101 
901 |a 0500184443  |b IT1  |c LIT  |i FXC C831  |u 20250521 
902 |a https://opac.biblio.iteso.mx/vufind/Record/000298594